| 000 | 008630000a22002650004500 | ||
|---|---|---|---|
| 005 | 20180803170111.0 | ||
| 008 | 170207b xxu||||| |||| 00| 0 spa d | ||
| 040 |
_aCO-BoIAVH _cCO-BoIAVH |
||
| 041 | _aspa | ||
| 090 |
_aMM _b00271 |
||
| 245 | 1 | 0 |
_aPáramo: _bLa cuna del agua |
| 257 | _aColombia | ||
| 264 |
_aBogotá: _bProcuraduría General de la Nación, _cs.f. |
||
| 300 |
_a 15.30 min. _bDVD |
||
| 650 | 1 | 4 |
_aPáramos _992513 |
| 650 | 1 | 4 |
_aRecursos hídricos _992528 |
| 700 | 1 |
_aBarrera, Sonia _rEditor _979050 |
|
| 700 | 1 |
_aGreiff, Boris de _rGuionista _979051 |
|
| 700 | 1 |
_aGonzalez, Juana _rCámara _979052 |
|
| 700 | 1 |
_aGonzález, Mónica _rCámara _979053 |
|
| 700 | 1 |
_aAvila, Yaikaparu _rAnimación _979054 |
|
| 700 | 1 |
_aCastrillón, Astrid _rProducción _979055 |
|
| 710 | 1 |
_lColombia _aProcuraduría General de la Nación _979056 |
|
| 942 |
_cDVD _2z |
||
| 999 |
_c16656 _d16656 |
||